The use of functionalized titanate nanotubes as drug delivery systems

Elmentve itt :
Bibliográfiai részletek
Szerzők: Ranjous Yasmin
Kósa Dóra
Ujhelyi Zoltán
Nagy Krisztina Anita
Kónya Zoltán
Bácskay Ildikó
Regdon Géza
Sovány Tamás
Testületi szerző: Fiatal technológusok fóruma (3.)
Dokumentumtípus: Könyv része
Megjelent: 2020
Sorozat:Fiatal Technológusok Fóruma 3
Fiatal Technológusok Fóruma 3
Kulcsszavak:Gyógyszertechnológia - előadáskivonat
Tárgyszavak:
doi:10.14232/ftf.2020.op2

Online Access:http://acta.bibl.u-szeged.hu/71161
LEADER 01245naa a2200337 i 4500
001 acta71161
005 20230223140907.0
008 201211s2020 hu o 1|| eng d
024 7 |a 10.14232/ftf.2020.op2  |2 doi 
040 |a SZTE Egyetemi Kiadványok Repozitórium  |b hun 
041 |a eng 
100 1 |a Ranjous Yasmin 
245 1 4 |a The use of functionalized titanate nanotubes as drug delivery systems  |h [elektronikus dokumentum] /  |c  Ranjous Yasmin 
260 |c 2020 
300 |a 7 
490 0 |a Fiatal Technológusok Fóruma  |v 3 
490 0 |a Fiatal Technológusok Fóruma  |v 3 
650 4 |a Műszaki és technológiai tudományok 
650 4 |a Orvostechnikai műszaki tudományok 
650 4 |a Orvos- és egészségtudomány 
650 4 |a Általános orvostudomány 
695 |a Gyógyszertechnológia - előadáskivonat 
700 0 1 |a Kósa Dóra  |e aut 
700 0 1 |a Ujhelyi Zoltán  |e aut 
700 0 1 |a Nagy Krisztina Anita  |e aut 
700 0 1 |a Kónya Zoltán  |e aut 
700 0 1 |a Bácskay Ildikó  |e aut 
700 0 1 |a Regdon Géza  |e aut 
700 0 1 |a Sovány Tamás  |e aut 
711 |a Fiatal technológusok fóruma (3.)  |c Szeged  |d 2020 
856 4 0 |u http://acta.bibl.u-szeged.hu/71161/1/fiatal_technologusok_foruma_003_007.pdf  |z Dokumentum-elérés